[Event "Sachsen-ch U12 Girls"]
[Site "Sebnitz"]
[Date "2011.04.26"]
[Round "1"]
[White "Heyne, Julia"]
[Black "Truong, Van Trang"]
[Result "0-1"]
[WhiteElo "933"]
[BlackElo "1282"]
[PlyCount "96"]
[EventDate "2011.04.26"]
[EventType "swiss"]
[EventRounds "7"]
[EventCountry "GER"]
[SourceTitle "EXT 2012"]
[Source "ChessBase"]
[SourceDate "2011.11.24"]
[SourceVersion "1"]
[SourceVersionDate "2011.11.24"]
[SourceQuality "1"]

1. e4 e5 2. Nf3 d6 3. h3 Nd7 4. Bc4 Be7 5. d3 c6 6. 0-0 Ngf6 7. Nc3 0-0 8. Re1 b5 9. Bb3 a5 10. a3 Bb7 11. Bg5 h6 12. Bxf6 Bxf6 13. d4 Qc7 14. d5 Nc5 15. Ba2 b4 16. Ne2 Nxe4 17. dxc6 Qxc6 18. Rc1 Ng5 19. Bd5 Qxd5 20. Qxd5 Bxd5 21. Nxg5 Bxg5 22. Rcd1 Be4 23. Rxd6 Rfd8 24. Red1 Bxc2 25. R1d5 Rxd6 26. Rxd6 Rd8 27. Rc6 Ba4 28. Rc5 Rd2 29. Rxa5 bxa3 30. Rxa4 Rd1+ 31. Kh2 axb2 32. Nc3 Rc1 33. Ra3 Rxc3 34. Rxc3 b1Q 35. Rc8+ Kh7 36. Rc7 Bf4+ 37. g3 Qb6 38. Rxf7 Qxf2+ 39. Kh1 Qxg3 40. Rxf4 Qxh3+ 41. Kg1 exf4 42. Kf2 Qe3+ 43. Kg2 f3+ 44. Kf1 Qe2+ 45. Kg1 f2+ 46. Kh2 f1R+ 47. Kh3 Rg1 48. Kh4 Qh2# 0-1